00277nam a2200109Ia 4500008004100000082001500041100001900056245005300075260002300128300000800151650000800159191201s2008 xx 000 0 und d a006.7bMUF aMUKHERJEE, D P 0aFundamentals of Computer Graphics and Multimedia aN.DelhibPHIc2008 a182 aMCA